Let's chant, let's sing 2

Збережено в:
Бібліографічні деталі
Автор: Graham, Carolyn (Автор)
Формат: Книга
Мова:Англійська
Опубліковано: Nueva York Oxford University 1995
Предмети:
Теги: Додати тег
Немає тегів, Будьте першим, хто поставить тег для цього запису!

MARC

LEADER 00000nam a2200000 a 4500
001 UCO9203
003 CL-VaPUC
008 010119e19950000US |||||||||||||||||eng|d
082 0 4 |a 372.6521  |b GRA  |2 21 
100 |a Graham, Carolyn  |e author  |9 611841 
245 1 0 |a Let's chant, let's sing 2 
300 |a 42 p 
942 |c BK 
945 |d 20010119 00:00:00  |a cmena 
260 |a Nueva York  |b Oxford University  |c 1995 
500 |a Complementa con cassette 
650 0 |a Enseñanza del inglés  |9 367340 
650 0 |a Educación básica   |9 224933 
650 0 |a Métodos de enseñanza  |9 270413 
650 0 |a Inglés  |9 260023 
583 |a last modification  |c 20010119 00:00:00  |k Rodrigo Vera 
999 |c 293478  |d 293476 
952 |0 0  |1 0  |4 0  |6 372_652100000000000_GRA_1995  |7 0  |8 A  |9 345036  |a BIBEDU  |b BIBEDU  |d 2019-11-20  |i 3672174  |o 372.6521 GRA 1995  |p 3672174  |r 2019-11-20  |w 2019-11-20  |y BK  |k LIT